[Event "AUT-chT2O 1011"]
[Site "Austria"]
[Date "2010.11.01"]
[Round "5.3"]
[White "Binder, Michael"]
[Black "Neumeier, Klaus"]
[Result "1/2-1/2"]
[WhiteElo "2294"]
[BlackElo "2374"]
[PlyCount "60"]
[EventDate "2010.10.02"]
[EventType "team-tourn"]
[EventRounds "11"]
[EventCountry "AUT"]
[SourceTitle "EXT 2011"]
[Source "ChessBase"]
[SourceDate "2010.11.26"]
[SourceVersion "1"]
[SourceVersionDate "2010.11.26"]
[SourceQuality "1"]
[WhiteTeam "Wien Husek"]
[BlackTeam "Eichgraben"]
[WhiteTeamCountry "AUT"]
[BlackTeamCountry "AUT"]

1. d4 Nf6 2. Nf3 g6 3. g3 Bg7 4. Bg2 0-0 5. 0-0 d6 6. c4 Nbd7 7. Nc3 e5 8. e4 exd4 9. Nxd4 Re8 10. h3 a6 11. Be3 Rb8 12. b3 c5 13. Nde2 b5 14. Qxd6 b4 15. Na4 Nxe4 16. Bxe4 Rxe4 17. Rad1 Qe8 18. Nxc5 Rxe3 19. Nxd7 Rxe2 20. Nxb8 Bf8 21. Qd8 Bxh3 22. Qxe8 Rxe8 23. Nd7 Bg7 24. Rd6 Bxf1 25. Kxf1 a5 26. Nf6+ Bxf6 27. Rxf6 Re5 28. Rd6 Kf8 29. Rd2 h5 30. Re2 Rf5 1/2-1/2

[Event "Latschach op 26th"]
[Site "Latschach"]
[Date "2010.08.16"]
[Round "4"]
[White "Pirs, Matjaz"]
[Black "Binder, Michael"]
[Result "1/2-1/2"]
[WhiteElo "1934"]
[BlackElo "2270"]
[PlyCount "58"]
[EventDate "2010.08.14"]
[EventType "swiss"]
[EventRounds "9"]
[EventCountry "AUT"]
[SourceTitle "CBM 138 Extra"]
[Source "ChessBase"]
[SourceDate "2010.10.29"]
[SourceVersion "1"]
[SourceVersionDate "2010.10.29"]
[SourceQuality "1"]

1. e4 e5 2. Nf3 Nc6 3. Nc3 Nf6 4. d4 exd4 5. Nxd4 Bb4 6. Nxc6 bxc6 7. Bd3 d5 8. exd5 cxd5 9. 0-0 0-0 10. Bg5 c6 11. Qf3 Be7 12. Rfe1 Rb8 13. Rab1 Be6 14. Ne2 h6 15. Bf4 Bd6 16. Bxd6 Qxd6 17. h3 c5 18. c3 Rb6 19. b3 Rfb8 20. Rbd1 a5 21. Nf4 Qc6 22. Re2 a4 23. Bc2 axb3 24. axb3 Ra6 25. Rde1 Qd7 26. Qe3 Rc8 27. Rd2 Qc6 28. Rde2 Qd7 29. Rd2 Qc6 1/2-1/2

[Event "AUT-ch"]
[Site "Vienna"]
[Date "2010.07.30"]
[Round "7"]
[White "Pilaj, Herwig"]
[Black "Binder, Michael"]
[Result "0-1"]
[WhiteElo "2362"]
[BlackElo "2270"]
[PlyCount "88"]
[EventDate "2010.07.24"]
[EventType "swiss"]
[EventRounds "9"]
[EventCountry "AUT"]
[SourceTitle "CBM 137 Extra"]
[Source "ChessBase"]
[SourceDate "2010.09.01"]
[SourceVersion "1"]
[SourceVersionDate "2010.09.01"]
[SourceQuality "1"]

1. Nf3 Nf6 2. d4 d5 3. c4 e6 4. Nc3 Be7 5. Bf4 0-0 6. e3 c5 7. dxc5 Bxc5 8. cxd5 Nxd5 9. Nxd5 exd5 10. a3 Nc6 11. Bd3 Bb6 12. 0-0 d4 13. e4 Bg4 14. h3 Bh5 15. g4 Bg6 16. Nd2 f6 17. Nc4 Bc7 18. Bxc7 Qxc7 19. f4 Rfe8 20. Qf3 Qe7 21. Rae1 Rac8 22. h4 b5 23. Nd2 a6 24. Re2 Na5 25. h5 Bf7 26. e5 Bc4 27. exf6 Qxf6 28. Ne4 Qc6 29. Ng5 Rxe2 30. Qxe2 h6 31. Nf3 Qd5 32. Ne5 Bxd3 33. Qxd3 Nc4 34. Re1 Ne3 35. Qd2 Rc2 36. Qxc2 Nxc2 37. Ng6 Qd8 38. Re5 d3 39. Rd5 Qb6+ 40. Kh2 Qf2+ 41. Kh3 Qe3+ 42. Kh4 d2 43. Rd8+ Kf7 44. Ne5+ Kf6 0-1

[Event "Oberwart op"]
[Site "Oberwart"]
[Date "2010.07.11"]
[Round "2"]
[White "Palac, Mladen"]
[Black "Binder, Michael"]
[Result "1/2-1/2"]
[WhiteElo "2562"]
[BlackElo "2270"]
[PlyCount "138"]
[EventDate "2010.07.10"]
[EventType "swiss"]
[EventRounds "9"]
[EventCountry "AUT"]
[SourceTitle "CBM 137 Extra"]
[Source "ChessBase"]
[SourceDate "2010.09.01"]
[SourceVersion "1"]
[SourceVersionDate "2010.09.01"]
[SourceQuality "1"]

1. e4 e5 2. Nf3 Nc6 3. Bb5 a6 4. Ba4 Nf6 5. d3 d6 6. c3 Be7 7. 0-0 0-0 8. Re1 b5 9. Bc2 d5 10. Nbd2 dxe4 11. dxe4 Be6 12. Qe2 Qb8 13. a4 b4 14. Nc4 Nd7 15. Ng5 Bxg5 16. Bxg5 Nb6 17. Nd2 bxc3 18. bxc3 Na5 19. Be7 Re8 20. Bb4 Nbc4 21. Nxc4 Bxc4 22. Qe3 Qb6 23. Qxb6 cxb6 24. Rab1 Rad8 25. Red1 Ba2 26. Rb2 Bc4 27. Bxa5 bxa5 28. f3 Kf8 29. Kf2 Rxd1 30. Bxd1 Rc8 31. Rb6 Rc7 32. Ke3 Bf1 33. Kf2 Bd3 34. Ke1 Bc4 35. Kd2 Ke7 36. Bb3 Bxb3 37. Rxb3 Rc4 38. Ra3 Rc7 39. Kd3 Rb7 40. Kc2 Kd6 41. Ra1 Kc6 42. h4 Rd7 43. Rb1 Rb7 44. Rf1 Rd7 45. f4 exf4 46. Rxf4 Re7 47. Kd3 Rd7+ 48. Kc4 Re7 49. g4 h6 50. g5 h5 51. Kd4 Rd7+ 52. Ke3 Kc5 53. Rf5+ Kc4 54. Rxa5 Rd3+ 55. Kf2 Rd6 56. Rf5 Rd7 57. Ra5 Rd6 58. Re5 Rd7 59. Ra5 Rd6 60. Ke3 Rd3+ 61. Kf4 Rh3 62. Rxa6 Rxh4+ 63. Kf3 Kxc3 64. Ra7 Rh1 65. Kf2 Kd4 66. Rxf7 Kxe4 67. Rxg7 Kf5 68. a5 Ra1 69. Ra7 Kxg5 1/2-1/2

[Event "AUT-ch U18"]
[Site "Velden"]
[Date "2010.03.28"]
[Round "2"]
[White "Schnegg, Daniel"]
[Black "Binder, Michael"]
[Result "1/2-1/2"]
[WhiteElo "2152"]
[BlackElo "2263"]
[PlyCount "65"]
[EventDate "2010.03.28"]
[EventType "swiss"]
[EventRounds "7"]
[EventCountry "AUT"]
[SourceTitle "CBM 135 Extra"]
[Source "ChessBase"]
[SourceDate "2010.05.04"]
[SourceVersion "1"]
[SourceVersionDate "2010.05.04"]
[SourceQuality "1"]

1. e4 e5 2. Nf3 Nc6 3. Bb5 a6 4. Ba4 Nf6 5. Qe2 b5 6. Bb3 Be7 7. c3 0-0 8. d4 d6 9. 0-0 Bg4 10. Qe3 Bxf3 11. gxf3 Na5 12. f4 Nxb3 13. axb3 exf4 14. Qxf4 d5 15. e5 Ne4 16. f3 Ng5 17. Qg3 Ne6 18. f4 f5 19. Be3 a5 20. Nd2 Ra6 21. Kh1 g6 22. Nf3 Qa8 23. Rfd1 a4 24. b4 Qc6 25. Ne1 Kh8 26. Bd2 Raa8 27. Nc2 Rg8 28. Ne3 Qd7 29. Qf3 c6 30. Rg1 Raf8 31. Ng2 Rf7 32. Raf1 Rff8 33. Bc1 1/2-1/2

[Event "BL2-Ost 0910"]
[Site "Germany"]
[Date "2010.03.01"]
[Round "7.7"]
[White "Schultz, Andreas"]
[Black "Binder, Michael"]
[Result "1/2-1/2"]
[WhiteElo "2234"]
[BlackElo "2202"]
[PlyCount "142"]
[EventDate "2009.10.18"]
[EventType "team-tourn"]
[EventRounds "9"]
[EventCountry "GER"]
[SourceTitle "EXT 2011"]
[Source "ChessBase"]
[SourceDate "2010.11.26"]
[SourceVersion "1"]
[SourceVersionDate "2010.11.26"]
[SourceQuality "1"]
[WhiteTeam "Leipzig Mitte"]
[BlackTeam "Passau"]
[WhiteTeamCountry "GER"]
[BlackTeamCountry "GER"]

1. d4 d5 2. c4 e6 3. Nc3 Be7 4. Bf4 Nf6 5. e3 0-0 6. cxd5 Nxd5 7. Nxd5 Qxd5 8. Ne2 c5 9. Nc3 Qd8 10. dxc5 Bxc5 11. Bd3 Be7 12. 0-0 Nc6 13. Qc2 f5 14. Bc4 Kh8 15. Rfd1 Qb6 16. a3 a6 17. h3 Qa7 18. Ba2 e5 19. Bh2 f4 20. exf4 exf4 21. Nd5 Bg5 22. Qd2 Be6 23. Nc7 Bxa2 24. Nxa8 Bb3 25. Nc7 Qb8 26. Nd5 Rd8 27. Qe2 Bxd5 28. Qg4 Qe5 29. h4 Bh6 30. Re1 Qxb2 31. Bxf4 Bxf4 32. Qxf4 Bg8 33. Rab1 Qc3 34. Re3 Rd3 35. Rxb7 Qxa3 36. Rxd3 Qxd3 37. Qc7 Qc3 38. Rb6 Qe1+ 39. Kh2 Ne5 40. Rb7 Nf7 41. Qf4 Qe6 42. Ra7 Ne5 43. f3 h6 44. Qf8 Nd7 45. Qf4 Nf6 46. Qc7 Ne8 47. Qf4 Qb6 48. Ra8 Nc7 49. Rc8 Nd5 50. Qe5 Qb7 51. Rc5 Qd7 52. g4 Nf6 53. Kg3 Qd1 54. Qe3 Qd6+ 55. Qe5 Qxe5+ 56. Rxe5 Nd5 57. f4 a5 58. Re4 Nb6 59. f5 Nc4 60. Re8 Nd6 61. Ra8 Nb7 62. g5 hxg5 63. hxg5 Kh7 64. g6+ Kh8 65. Kf4 Nd6 66. Rxa5 Ne8 67. Ke5 Nf6 68. Ra8 Ng4+ 69. Kd6 Nh6 70. Rf8 Ng4 71. Ke7 Nh6 1/2-1/2

[Event "Budapest FS02 IM-A"]
[Site "Budapest"]
[Date "2010.02.11"]
[Round "6"]
[White "Eperjesi, Laszlo"]
[Black "Binder, Michael"]
[Result "0-1"]
[WhiteElo "2240"]
[BlackElo "2208"]
[PlyCount "44"]
[EventDate "2010.02.06"]
[EventType "tourn"]
[EventRounds "9"]
[EventCountry "HUN"]
[EventCategory "1"]
[SourceTitle "CBM 134 Extra"]
[Source "ChessBase"]
[SourceDate "2010.03.03"]
[SourceVersion "1"]
[SourceVersionDate "2010.03.03"]
[SourceQuality "1"]

1. d4 Nf6 2. Nf3 e6 3. c4 b6 4. g3 Ba6 5. Qa4 Bb7 6. Bg2 c5 7. 0-0 Be7 8. Rd1 0-0 9. Nc3 cxd4 10. Nxd4 Bxg2 11. Kxg2 a6 12. Bg5 h6 13. Bxf6 Bxf6 14. Rac1 Qc7 15. f3 Ra7 16. Ne4 Be7 17. b4 d6 18. Qb3 Rd8 19. b5 a5 20. a4 Qc8 21. f4 Rc7 22. Nf3 d5 0-1

[Event "Budapest FS02 IM-A"]
[Site "Budapest"]
[Date "2010.02.06"]
[Round "1"]
[White "Turzo, Attila"]
[Black "Binder, Michael"]
[Result "0-1"]
[WhiteElo "2309"]
[BlackElo "2208"]
[PlyCount "80"]
[EventDate "2010.02.06"]
[EventType "tourn"]
[EventRounds "9"]
[EventCountry "HUN"]
[EventCategory "1"]
[SourceTitle "CBM 134 Extra"]
[Source "ChessBase"]
[SourceDate "2010.03.03"]
[SourceVersion "1"]
[SourceVersionDate "2010.03.03"]
[SourceQuality "1"]

1. e4 e5 2. Nf3 Nc6 3. d4 exd4 4. Bc4 Nf6 5. e5 d5 6. Bb5 Ne4 7. Nxd4 Bd7 8. Bxc6 bxc6 9. 0-0 Bc5 10. f3 Ng5 11. f4 Ne4 12. Be3 0-0 13. Nd2 Nxd2 14. Qxd2 f6 15. Nb3 Bb6 16. Bc5 Re8 17. Rae1 Bf5 18. Qc3 fxe5 19. Rxe5 Qf6 20. Nd4 Bd7 21. Nb3 Bf5 22. Bd4 Qg6 23. Rfe1 Rxe5 24. Rxe5 Re8 25. Qe3 Rxe5 26. Qxe5 Bxc2 27. Bxb6 axb6 28. Qxc7 Bxb3 29. Qc8+ Kf7 30. Qd7+ Kf8 31. f5 Qe8 32. Qxe8+ Kxe8 33. axb3 Ke7 34. g4 Kf6 35. Kf2 Ke5 36. Ke3 c5 37. Kf3 d4 38. Kg3 Ke4 39. h4 b5 40. h5 h6 0-1

[Event "Donau op 18th"]
[Site "Aschach"]
[Date "2009.12.28"]
[Round "4"]
[White "Jurek, Josef"]
[Black "Binder, Michael"]
[Result "1/2-1/2"]
[WhiteElo "2343"]
[BlackElo "2202"]
[PlyCount "45"]
[EventDate "2009.12.26"]
[EventType "swiss"]
[EventRounds "7"]
[EventCountry "AUT"]
[SourceTitle "CBM 134 Extra"]
[Source "ChessBase"]
[SourceDate "2010.03.03"]
[SourceVersion "1"]
[SourceVersionDate "2010.03.03"]
[SourceQuality "1"]

1. d4 d5 2. c4 e6 3. Nc3 Be7 4. Nf3 Nf6 5. Bg5 h6 6. Bh4 0-0 7. e3 b6 8. Be2 Bb7 9. Bxf6 Bxf6 10. cxd5 exd5 11. b4 c6 12. 0-0 a5 13. b5 c5 14. Qb3 c4 15. Qc2 Re8 16. Ne1 Nd7 17. g3 Nf8 18. Ng2 Ne6 19. Rad1 g6 20. Kh1 Qd6 21. Nf4 Rad8 22. Bf3 Nc7 23. h4 1/2-1/2

[Event "Wch U18"]
[Site "Kemer"]
[Date "2009.11.21"]
[Round "10"]
[White "Binder, Michael"]
[Black "Shyam, Nikil P"]
[Result "0-1"]
[WhiteElo "2202"]
[BlackElo "2393"]
[PlyCount "124"]
[EventDate "2009.11.12"]
[EventType "swiss"]
[EventRounds "11"]
[EventCountry "TUR"]
[SourceTitle "EXT 2010"]
[Source "ChessBase"]
[SourceDate "2010.11.25"]
[SourceVersion "1"]
[SourceVersionDate "2010.11.25"]
[SourceQuality "1"]

1. d4 Nf6 2. Nf3 c5 3. d5 b5 4. Bg5 Ne4 5. Bh4 Bb7 6. Qd3 f5 7. Nbd2 c4 8. Qd4 Na6 9. c3 Nc7 10. Nxe4 fxe4 11. Qxe4 Nxd5 12. Qd4 Qb6 13. e4 Nf4 14. 0-0-0 Qxd4 15. Nxd4 a6 16. f3 g6 17. Nc2 Bh6 18. Kb1 Rf8 19. Ne3 Rc8 20. Ng4 Bg7 21. Be1 e6 22. Bd2 h5 23. Nf2 e5 24. g3 Ne6 25. Be2 d5 26. exd5 Bxd5 27. Ne4 Bxe4+ 28. fxe4 Nc5 29. Be3 Nxe4 30. Rd5 Rd8 31. Rxd8+ Kxd8 32. Rf1 Nf6 33. Kc2 Ke7 34. a4 Nd5 35. Rxf8 Nxe3+ 36. Kd2 Bxf8 37. Kxe3 Bh6+ 38. Ke4 Kd6 39. axb5 axb5 40. b3 cxb3 41. Bxb5 Bd2 42. Kd3 Kc5 43. Ba4 b2 44. Bc2 Bh6 45. Bb1 Kd6 46. h3 Bc1 47. g4 h4 48. Ba2 Kc5 49. Bb1 g5 50. Bc2 e4+ 51. Ke2 Kd5 52. Bb1 Ke5 53. c4 Kf4 54. c5 Kg3 55. c6 Bf4 56. Bxe4 Kxh3 57. Kf3 Bc7 58. Bf5 Kh2 59. Kf2 Bb6+ 60. Kf1 h3 61. Ke2 Kg3 62. Kd2 h2 0-1

[Event "Wch U18"]
[Site "Kemer"]
[Date "2009.11.19"]
[Round "8"]
[White "Binder, Michael"]
[Black "Jorczik, Julian Marcel"]
[Result "1-0"]
[WhiteElo "2202"]
[BlackElo "2368"]
[PlyCount "59"]
[EventDate "2009.11.12"]
[EventType "swiss"]
[EventRounds "11"]
[EventCountry "TUR"]
[SourceTitle "EXT 2010"]
[Source "ChessBase"]
[SourceDate "2010.11.25"]
[SourceVersion "1"]
[SourceVersionDate "2010.11.25"]
[SourceQuality "1"]

1. d4 Nf6 2. Nf3 g6 3. c4 Bg7 4. g3 0-0 5. Bg2 d6 6. 0-0 c6 7. Nc3 Qb6 8. Re1 Qa6 9. b3 b5 10. cxb5 cxb5 11. Bd2 b4 12. Na4 Qb5 13. e4 a5 14. Rc1 Na6 15. h3 Bd7 16. d5 Qb7 17. Bf4 Rac8 18. Nd4 Rxc1 19. Bxc1 Rc8 20. Bg5 Nc5 21. Nc6 Bxc6 22. Nxc5 Qb6 23. dxc6 Qxc5 24. e5 dxe5 25. Bxf6 Bxf6 26. Qd7 Rf8 27. c7 e4 28. Rxe4 Qc1+ 29. Kh2 Qc2 30. Rc4 1-0

[Event "Wch U18"]
[Site "Kemer"]
[Date "2009.11.16"]
[Round "5"]
[White "Stankovic, Milos"]
[Black "Binder, Michael"]
[Result "1/2-1/2"]
[WhiteElo "2379"]
[BlackElo "2202"]
[PlyCount "139"]
[EventDate "2009.11.12"]
[EventType "swiss"]
[EventRounds "11"]
[EventCountry "TUR"]
[SourceTitle "EXT 2010"]
[Source "ChessBase"]
[SourceDate "2010.11.25"]
[SourceVersion "1"]
[SourceVersionDate "2010.11.25"]
[SourceQuality "1"]

1. e4 e5 2. Nf3 Nc6 3. Bc4 Bc5 4. d3 Nf6 5. c3 a6 6. 0-0 Ba7 7. Bb3 0-0 8. Nbd2 d6 9. h3 Be6 10. Bc2 d5 11. Ng5 Bd7 12. exd5 Nxd5 13. Qh5 h6 14. Bb3 Bf5 15. Nge4 Bg6 16. Qf3 Nde7 17. Rd1 Kh7 18. Nf1 f5 19. Neg3 f4 20. Ne4 Nf5 21. Nh2 Nfd4 22. cxd4 Nxd4 23. Qg4 Bf5 24. Qh5 g6 25. Ng5+ Kg7 26. Ne6+ Bxe6 27. Qxe5+ Qf6 28. Bxf4 Nxb3 29. axb3 Bxf2+ 30. Kh1 Bd4 31. Qxf6+ Rxf6 32. Bxc7 Rc8 33. Bg3 Bxb3 34. Re1 Re6 35. Nf3 Bf6 36. Nd2 Rxe1+ 37. Rxe1 Bd5 38. b4 Rc3 39. Re3 Rc1+ 40. Kh2 Rc2 41. Ne4 Bd4 42. Re1 Bc6 43. Bd6 g5 44. Kg3 b6 45. Kf3 Rd2 46. Kg3 Rxd3+ 47. Kh2 Bc3 48. Nxc3 Rxd6 49. Re2 Rd3 50. Rc2 Rd6 51. Ra2 Bb7 52. Rc2 Kf6 53. Re2 Rd4 54. b5 a5 55. Rf2+ Ke6 56. Re2+ Kd6 57. Re8 Kd7 58. Rh8 Rd6 59. Rh7+ Kc8 60. Na4 Kb8 61. Kg1 Ka7 62. Kf2 Rd2+ 63. Ke3 Ra2 64. Nc3 Rxg2 65. Ne4 Kb8 66. Rh8+ Bc8 67. Rxh6 a4 68. Rxb6+ Ka7 69. Rc6 Bb7 70. Rc4 1/2-1/2

[Event "Wch U18"]
[Site "Kemer"]
[Date "2009.11.13"]
[Round "2"]
[White "Binder, Michael"]
[Black "Margarido, Ricardo Emanuel Tor"]
[Result "1/2-1/2"]
[WhiteElo "2202"]
[BlackElo "1966"]
[PlyCount "109"]
[EventDate "2009.11.12"]
[EventType "swiss"]
[EventRounds "11"]
[EventCountry "TUR"]
[SourceTitle "EXT 2010"]
[Source "ChessBase"]
[SourceDate "2010.11.25"]
[SourceVersion "1"]
[SourceVersionDate "2010.11.25"]
[SourceQuality "1"]

1. Nf3 Nf6 2. c4 e6 3. d4 d5 4. Nc3 c5 5. cxd5 Nxd5 6. e4 Nxc3 7. bxc3 cxd4 8. cxd4 Bb4+ 9. Bd2 Bxd2+ 10. Qxd2 0-0 11. Bc4 Nd7 12. 0-0 b6 13. Rfe1 Bb7 14. Rad1 Rc8 15. Bd3 Qe7 16. Qf4 Rfd8 17. Bb1 Nf8 18. Rd3 Rc4 19. Red1 Ng6 20. Qe3 Qc7 21. g3 Ne7 22. h4 Rc8 23. Nd2 Rc1 24. Nb3 Rxd1+ 25. Rxd1 Qc3 26. Qf4 Qc7 27. Qxc7 Rxc7 28. f3 Rc3 29. Kf2 g6 30. Nc1 Ba6 31. Ne2 Bxe2 32. Kxe2 Nc8 33. Bd3 Nd6 34. Rd2 Kf8 35. g4 Ke7 36. e5 Nc4 37. Rc2 Rxc2+ 38. Bxc2 Na5 39. Kd3 Nc6 40. Kc4 a6 41. f4 f5 42. gxf5 gxf5 43. a3 Kd7 44. d5 Ne7 45. dxe6+ Kxe6 46. h5 h6 47. Bd3 Nc6 48. Kc3 b5 49. Be2 Ne7 50. Bf3 a5 51. Kd4 b4 52. axb4 axb4 53. Kc4 b3 54. Kxb3 Nc8 55. Kb4 1/2-1/2

[Event "AUT-chT 0910"]
[Site "Austria"]
[Date "2009.11.07"]
[Round "2.3"]
[White "Mikhalevski, Victor"]
[Black "Binder, Michael"]
[Result "1-0"]
[WhiteElo "2607"]
[BlackElo "2202"]
[PlyCount "51"]
[EventDate "2009.11.06"]
[EventType "team-tourn"]
[EventRounds "11"]
[EventCountry "AUT"]
[SourceTitle "EXT 2010"]
[Source "ChessBase"]
[SourceDate "2010.11.25"]
[SourceVersion "1"]
[SourceVersionDate "2010.11.25"]
[SourceQuality "1"]
[WhiteTeam "Fuerstenfeld"]
[BlackTeam "Wien Husek"]
[WhiteTeamCountry "AUT"]
[BlackTeamCountry "AUT"]

1. d4 Nf6 2. c4 c5 3. d5 b5 4. Nf3 Bb7 5. Qc2 bxc4 6. e4 g6 7. Bxc4 d6 8. Nc3 Bg7 9. 0-0 0-0 10. h3 Ba6 11. Nd2 Nfd7 12. a4 Ne5 13. Bb5 g5 14. b3 Qc8 15. Nc4 Nxc4 16. bxc4 g4 17. hxg4 Qxg4 18. Ra3 Kh8 19. Ne2 Be5 20. f4 Bg7 21. Rg3 Qh5 22. Rh3 Qg6 23. f5 Qf6 24. e5 dxe5 25. Ng3 e4 26. Nxe4 1-0

[Event "Budapest FS06 IM-B"]
[Site "Budapest"]
[Date "2009.06.16"]
[Round "10"]
[White "Kjartansson, Gudmundur"]
[Black "Binder, Michael"]
[Result "1-0"]
[WhiteElo "2388"]
[BlackElo "2184"]
[PlyCount "139"]
[EventDate "2009.06.06"]
[EventType "tourn"]
[EventRounds "5"]
[EventCountry "HUN"]
[EventCategory "2"]
[SourceTitle "CBM 130 Extra"]
[Source "ChessBase"]
[SourceDate "2009.07.02"]
[SourceVersion "2"]
[SourceVersionDate "2009.07.15"]
[SourceQuality "1"]

1. c4 Nf6 2. Nc3 c5 3. Nf3 b6 4. g3 Bb7 5. Bg2 e6 6. 0-0 Be7 7. d4 cxd4 8. Qxd4 d6 9. Rd1 a6 10. b3 Nbd7 11. Bb2 0-0 12. Rac1 Qc7 13. e4 Rfe8 14. h3 Rac8 15. Ne1 Bf8 16. Rc2 Qb8 17. Rcd2 Nc5 18. Nd3 Nxd3 19. Rxd3 Nd7 20. Re3 Bc6 21. Ba3 Nc5 22. b4 Na4 23. Nxa4 Bxa4 24. Rde1 Qc7 25. Bf1 Bc6 26. Bb2 a5 27. b5 Bd7 28. a4 e5 29. Qd2 Be6 30. Rc3 f6 31. Ba3 Red8 32. Rec1 g6 33. Kh2 h5 34. Rd1 Kh7 35. Bc1 Qc5 36. Ba3 Qc7 37. h4 Bh6 38. Qd3 d5 39. exd5 Bxd5 40. Qc2 Ba8 41. Rxd8 Rxd8 42. c5 Rd2 43. cxb6 Rxf2+ 44. Kg1 Rxc2 45. Rxc7+ Rxc7 46. bxc7 Be3+ 47. Kh2 Bb7 48. Bg2 Bc8 49. Bd6 Bd4 50. Bd5 Kg7 51. Kg2 f5 52. Be7 Bb6 53. Bd8 Kf8 54. Kf3 Ke8 55. Bc6+ Kf7 56. Ke2 Bd4 57. Kd3 Bb6 58. Kc4 e4 59. Kc3 Kf8 60. Kd2 Kf7 61. Ke2 Kf8 62. Bg5 Bxc7 63. Bf4 Bb6 64. Be3 Bc7 65. Kf2 Ke7 66. b6 Kd6 67. Ba8 Bxb6 68. Bxb6 Bd7 69. Bxa5 Bxa4 70. Ke3 1-0

[Event "Budapest FS06 IM-B"]
[Site "Budapest"]
[Date "2009.06.06"]
[Round "1"]
[White "Binder, Michael"]
[Black "Petran, Pal"]
[Result "1/2-1/2"]
[WhiteElo "2184"]
[BlackElo "2361"]
[PlyCount "57"]
[EventDate "2009.06.06"]
[EventType "tourn"]
[EventRounds "5"]
[EventCountry "HUN"]
[EventCategory "2"]
[SourceTitle "CBM 130 Extra"]
[Source "ChessBase"]
[SourceDate "2009.07.02"]
[SourceVersion "2"]
[SourceVersionDate "2009.07.15"]
[SourceQuality "1"]

1. d4 Nf6 2. Nf3 e6 3. c4 b6 4. g3 Ba6 5. Qc2 Bb7 6. Bg2 c5 7. d5 exd5 8. cxd5 Nxd5 9. Qb3 Nc7 10. Ne5 d5 11. Nc3 Be7 12. Bf4 0-0 13. 0-0-0 Nba6 14. Bxd5 Nxd5 15. Nxd5 c4 16. Qb5 Qe8 17. Nd7 c3 18. Nxe7+ Qxe7 19. Bd6 Qe6 20. Nxf8 Qxa2 21. bxc3 Bxh1 22. Rxh1 Qa1+ 23. Qb1 Qxc3+ 24. Qc2 Qa1+ 25. Kd2 Qa5+ 26. Kc1 Qa1+ 27. Kd2 Qa5+ 28. Kc1 Qa1+ 29. Kd2 1/2-1/2

[Event "AUT-ch U18"]
[Site "Fuerstenfeld"]
[Date "2009.04.10"]
[Round "7"]
[White "Binder, Michael"]
[Black "Klocker, Samuel"]
[Result "1-0"]
[WhiteElo "2170"]
[BlackElo "1975"]
[PlyCount "67"]
[EventDate "2009.04.06"]
[EventType "swiss"]
[EventRounds "7"]
[EventCountry "AUT"]
[SourceTitle "CBM 129 Extra"]
[Source "ChessBase"]
[SourceDate "2009.05.05"]
[SourceVersion "2"]
[SourceVersionDate "2009.05.20"]
[SourceQuality "1"]

1. d4 d5 2. c4 e6 3. Nc3 Nf6 4. cxd5 exd5 5. Bg5 c6 6. e3 Bf5 7. Qf3 Bg6 8. Bxf6 Qxf6 9. Qxf6 gxf6 10. Nf3 Nd7 11. Kd2 Bh6 12. Bd3 Rg8 13. g3 0-0-0 14. Rhc1 Kb8 15. Na4 Bf8 16. a3 Bxd3 17. Kxd3 Be7 18. Rab1 f5 19. Nc5 Nf6 20. Ke2 Ne4 21. b4 h5 22. h4 Rg7 23. a4 Rc8 24. Nd3 Re8 25. Nf4 Rh7 26. b5 cxb5 27. Rxb5 Ba3 28. Rc2 Rc8 29. Rxc8+ Kxc8 30. Rb3 Bd6 31. Nxd5 f6 32. Nd2 Nxd2 33. Kxd2 Be7 34. Rb5 1-0